<?xml version="1.0" encoding="UTF-8"?>
<collection xmlns="http://www.loc.gov/MARC21/slim">
 <record>
  <leader>01061nam a2200193 a 4500</leader>
  <controlfield tag="001">1/48674</controlfield>
  <controlfield tag="008">190507s1966    gr            00010 gre  </controlfield>
  <datafield tag="035" ind1=" " ind2=" ">
   <subfield code="l">51672</subfield>
  </datafield>
  <datafield tag="040" ind1=" " ind2=" ">
   <subfield code="a">GR-PeUP</subfield>
  </datafield>
  <datafield tag="082" ind1="0" ind2="0">
   <subfield code="a">227.507 ΚΟΥ</subfield>
  </datafield>
  <datafield tag="100" ind1="1" ind2=" ">
   <subfield code="a">Κουνέλης, Ιωάννης Β.</subfield>
  </datafield>
  <datafield tag="245" ind1="1" ind2="0">
   <subfield code="a">Παύλου του αποστόλου η προς Εφεσίους επιστολή</subfield>
   <subfield code="c">Ιωάννου Β. Κουνέλη.</subfield>
  </datafield>
  <datafield tag="260" ind1="0" ind2=" ">
   <subfield code="a">Αμαρούσιον :</subfield>
   <subfield code="b">[χ.ό],</subfield>
   <subfield code="c">1966.</subfield>
  </datafield>
  <datafield tag="300" ind1=" " ind2=" ">
   <subfield code="a">τ.1. (321 σ.) ;</subfield>
   <subfield code="c">21 εκ.</subfield>
  </datafield>
  <datafield tag="505" ind1="0" ind2=" ">
   <subfield code="a">T.1. Η πνευματική μου διαθήκη πρός τους εν Χριστώ αδελφούς όλων των Χριστ. Δογμάτων.</subfield>
  </datafield>
  <datafield tag="600" ind1="0" ind2="4">
   <subfield code="a">Παύλος,</subfield>
   <subfield code="c">Απόστολος,</subfield>
   <subfield code="d">(1ος αι.)</subfield>
   <subfield code="x">Ερμηνεία και κριτική.</subfield>
  </datafield>
  <datafield tag="650" ind1=" " ind2="4">
   <subfield code="a">Βίβλος</subfield>
   <subfield code="x">Κ.Δ.</subfield>
   <subfield code="x">Προς Εφεσίους</subfield>
   <subfield code="x">Κριτική, ερμηνεία κλπ.</subfield>
  </datafield>
  <datafield tag="650" ind1=" " ind2="4">
   <subfield code="a">Bible</subfield>
   <subfield code="x">N.T.</subfield>
   <subfield code="x">Ephesians</subfield>
   <subfield code="x">Criticism, interpretation, etc.</subfield>
  </datafield>
  <datafield tag="852" ind1=" " ind2=" ">
   <subfield code="a">INST</subfield>
   <subfield code="b">UNIPILB</subfield>
   <subfield code="c">MAIN</subfield>
   <subfield code="e">20190507</subfield>
   <subfield code="h">227.507 ΚΟΥ</subfield>
   <subfield code="p">00181216</subfield>
   <subfield code="q">00181216</subfield>
   <subfield code="t">LOAN</subfield>
   <subfield code="y">0</subfield>
   <subfield code="4">1</subfield>
  </datafield>
 </record>
</collection>
